000 00588nam a2200205Ii 4500
003 JO-AjNU
008 230606s9999||||xx |||||||||||||| ||und||
020 _a1-4033-1475-6
040 _aJO-AjNU
_beng
_erda
_cJO-AjNU
041 _aeng
050 1 4 _aT58.6.2002
100 3 _aCissp/Smith,Charles,
_eauthor
_9881
245 0 0 _aPerforming Security Analysies of information Systems
264 3 1 _aAmerica,2002
300 _a515p
336 _atext
_btxt
_2rdacontent
337 _aunmediated
_bn
_2rdamedia
338 _avolume
_bnc
_2rdacarrier
650 4 _ainformation systems-security
_9882
999 _aE465
_c465
_d465